[Event "Bad Woerishofen Seniors op 39th"]
[Site "Bad Woerishofen"]
[Date "2024.03.14"]
[Round "7"]
[White "Higatsberger, Michael"]
[Black "Hinz, Holger"]
[Result "1-0"]
[WhiteElo "2037"]
[BlackElo "2001"]
[PlyCount "83"]
[EventDate "2024.03.08"]
[EventType "swiss"]
[EventRounds "9"]
[EventCountry "GER"]
[SourceTitle "CB13_2024"]
[SourceDate "2024.03.27"]
[SourceVersion "1"]
[SourceVersionDate "2024.03.27"]
[SourceQuality "1"]

1. e4 e6 2. d4 d5 3. e5 c5 4. c3 Qd6 5. Nf3 Nc6 6. Be2 cxd4 7. cxd4 Nge7 8. Na3 Nf5 9. Nc2 Nb4 10. Ne3 Bd7 11. Nxf5 exf5 12. a3 Nc6 13. b4 Be7 14. 0-0 0-0 15. Re1 Rac8 16. h4 Be6 17. Bg5 Qd8 18. Qd2 Re8 19. Rac1 f6 20. exf6 Bxf6 21. Bb5 h6 22. Bxc6 Rxc6 23. Rxc6 bxc6 24. Bxf6 Qxf6 25. Qf4 Qd8 26. Rc1 Bd7 27. Ne5 g5 28. hxg5 hxg5 29. Qh2 Re6 30. Rc3 Be8 31. Rh3 Qf6 32. Rh7 f4 33. Rxa7 Qf5 34. Qh3 Rxe5 35. dxe5 Qxe5 36. Qh7+ Kf8 37. Qh6+ Kg8 38. Ra8 d4 39. Qxc6 Kf7 40. Qxe8+ Qxe8 41. Rxe8 Kxe8 42. Kf1 1-0

[Event "Rottach Egern Seniors Cup 10th"]
[Site "Rottach Egern"]
[Date "2022.04.01"]
[Round "7"]
[White "Hinz, Holger"]
[Black "Freundorfer, Josef"]
[Result "1-0"]
[WhiteElo "1941"]
[BlackElo "2115"]
[PlyCount "81"]
[EventDate "2022.03.26"]
[EventType "swiss"]
[EventRounds "9"]
[EventCountry "GER"]
[SourceTitle "CBM 207 Extra"]
[Source "ChessBase"]
[SourceDate "2022.05.31"]
[SourceVersion "1"]
[SourceVersionDate "2022.05.31"]
[SourceQuality "1"]

1. e4 e5 2. Nf3 Nc6 3. Bc4 Bc5 4. c3 Bb6 5. d4 Qe7 6. 0-0 d6 7. a4 a6 8. h3 Nf6 9. Re1 0-0 10. Na3 Re8 11. Bb3 Ba7 12. Nc4 h6 13. Ne3 Qd8 14. Nd5 Nb8 15. dxe5 dxe5 16. Be3 Bxe3 17. Nxe3 Qe7 18. a5 g6 19. Nd5 Nxd5 20. Bxd5 Nd7 21. b4 Nf6 22. Bc4 Nh5 23. Qd2 Kg7 24. Qe3 Qf6 25. Rad1 Nf4 26. Bf1 c6 27. Rd2 g5 28. Red1 h5 29. Rd6 Be6 30. g3 Kh7 31. gxf4 gxf4 32. Qc5 Qg7+ 33. Kh2 f6 34. Bc4 Bxh3 35. Kxh3 Qg4+ 36. Kh2 Rg8 37. Rg1 Rg6 38. Rxg4 hxg4 39. Nh4 Rh8 40. Nxg6 Kxg6+ 41. Kg1 1-0

[Event "Rottach Egern Seniors Cup 9th"]
[Site "Rottach Egern"]
[Date "2021.10.28"]
[Round "7"]
[White "Hinz, Holger"]
[Black "Schoknecht, Sabine"]
[Result "1-0"]
[WhiteElo "1979"]
[BlackElo "1590"]
[PlyCount "115"]
[EventDate "2021.10.22"]
[EventType "swiss"]
[EventRounds "7"]
[EventCountry "GER"]
[SourceTitle "CBM 204 Extra"]
[Source "ChessBase"]
[SourceDate "2021.11.30"]
[SourceVersion "1"]
[SourceVersionDate "2021.11.30"]
[SourceQuality "1"]

1. e4 b6 2. d4 Bb7 3. Nc3 e6 4. Nf3 Be7 5. Be2 d6 6. e5 Nd7 7. h4 dxe5 8. dxe5 h6 9. Bf4 c5 10. Qd3 a6 11. a4 Rc8 12. b3 Qc7 13. Ne4 Rd8 14. Qe3 Qc6 15. Nfd2 Nf8 16. Bf3 Qd7 17. Nc4 Bxe4 18. Bxe4 Qd4 19. Bc6+ Nd7 20. Qxd4 cxd4 21. Nxb6 Bb4+ 22. Bd2 Bc5 23. Nxd7 Rxd7 24. b4 Bb6 25. b5 a5 26. c3 Ne7 27. Bxd7+ Kxd7 28. Rd1 Rd8 29. 0-0 Ke8 30. cxd4 Nf5 31. Be3 Nxh4 32. Rd2 Nf5 33. Rc1 Ne7 34. Kf1 Nd5 35. Rc6 Ke7 36. Ke2 Rd7 37. Kd1 Bc7 38. Kc1 Bb6 39. Rc8 f6 40. exf6+ Nxf6 41. Rdc2 Nd5 42. R2c6 Bc7 43. Rg8 Kf7 44. Ra8 Nb4 45. Rc4 Nd5 46. Ra7 Ke7 47. Bd2 Bb6 48. Rxd7+ Kxd7 49. Kb2 Ne7 50. Kc3 Kd6 51. Kd3 Kd5 52. Bf4 Nf5 53. Be5 g5 54. g4 Nh4 55. Bc7 Bxc7 56. Rxc7 Nf3 57. Rc5+ Kd6 58. b6 1-0

[Event "Rottach Egern Seniors Cup 9th"]
[Site "Rottach Egern"]
[Date "2021.10.22"]
[Round "1"]
[White "Hinz, Holger"]
[Black "Fischer, Johann2222"]
[Result "1-0"]
[WhiteElo "1979"]
[BlackElo "1659"]
[PlyCount "67"]
[EventDate "2021.10.22"]
[EventType "swiss"]
[EventRounds "7"]
[EventCountry "GER"]
[SourceTitle "CBM 204 Extra"]
[Source "ChessBase"]
[SourceDate "2021.11.30"]
[SourceVersion "1"]
[SourceVersionDate "2021.11.30"]
[SourceQuality "1"]

1. e4 e5 2. Nf3 Nc6 3. Bc4 d6 4. Nc3 Bg4 5. h3 Bh5 6. g4 Bg6 7. d3 Be7 8. Be3 a6 9. a3 Nf6 10. Qd2 h6 11. 0-0-0 b5 12. Nxb5 axb5 13. Bxb5 Kf8 14. Bxc6 Ra6 15. Qc3 Qb8 16. Nh4 Bh7 17. Nf5 Bd8 18. d4 Bxf5 19. gxf5 exd4 20. Bxd4 Nh5 21. Rdg1 Bf6 22. Bxf6 Nxf6 23. Bd5 Qb6 24. Rxg7 Nxd5 25. exd5 Qxf2 26. Qf6 Qe3+ 27. Kb1 Qe7 28. Rxf7+ Qxf7 29. Qxh8+ Ke7 30. Rg1 Ra8 31. Qxa8 Qxf5 32. Rg7+ Kf6 33. Qf8+ Ke5 34. Re7+ 1-0

[Event "Muensterland op 38th"]
[Site "Muenster"]
[Date "2021.10.09"]
[Round "2"]
[White "Hinz, Holger"]
[Black "Asadzade, Idris"]
[Result "0-1"]
[WhiteElo "1979"]
[BlackElo "2250"]
[PlyCount "112"]
[EventDate "2021.10.08"]
[EventType "swiss"]
[EventRounds "9"]
[EventCountry "GER"]
[SourceTitle "EXT 2023"]
[Source "ChessBase"]
[SourceDate "2022.10.05"]
[SourceVersion "1"]
[SourceVersionDate "2022.10.05"]
[SourceQuality "1"]

1. e4 c5 2. Nf3 e6 3. d3 d5 4. Nbd2 Nf6 5. g3 Nc6 6. Bg2 Be7 7. 0-0 Qc7 8. Re1 b6 9. exd5 Nxd5 10. Nb3 Bb7 11. c4 Ndb4 12. a3 Na6 13. Bf4 Qc8 14. d4 Nxd4 15. Nbxd4 cxd4 16. Qxd4 0-0 17. Rac1 Nc5 18. Qe3 Rd8 19. Red1 Ne4 20. Rxd8+ Qxd8 21. b4 Nf6 22. Qb3 a5 23. Rd1 Qc8 24. Be3 a4 25. Qa2 Ne4 26. Qc2 b5 27. Ne5 f5 28. c5 Bd5 29. Qb2 Qc7 30. Bd4 Rd8 31. Bf1 Bf6 32. h4 Bb3 33. Re1 Rxd4 34. Qxd4 Bxe5 35. Qe3 Bc3 36. Bxb5 Bxe1 37. Qxe1 Qd8 38. Qa1 Qd2 39. Qf1 Qc3 40. Qd3 Bd5 41. Qxc3 Nxc3 42. Bd3 Bc6 43. Bc2 Kf7 44. Kf1 Kf6 45. f4 e5 46. Ke1 exf4 47. gxf4 Bb5 48. Kd2 Nd5 49. Bd3 Bxd3 50. Kxd3 Nxf4+ 51. Kc4 Ke6 52. b5 Kd7 53. Kd4 Kc7 54. Ke5 Nd3+ 55. Kd4 Nxc5 56. Kxc5 g6 0-1

[Event "Mittelrhein Verbandsliga West 1920"]
[Site "Mittelrhein"]
[Date "2020.01.19"]
[Round "5.4"]
[White "Strauss, Juergen2222"]
[Black "Hinz, Holger"]
[Result "0-1"]
[WhiteElo "1718"]
[BlackElo "1864"]
[PlyCount "58"]
[EventDate "2019.09.29"]
[EventType "team-tourn"]
[EventRounds "9"]
[EventCountry "GER"]
[SourceTitle "EXT 2023"]
[Source "ChessBase"]
[SourceDate "2022.10.05"]
[SourceVersion "1"]
[SourceVersionDate "2022.10.05"]
[SourceQuality "1"]
[WhiteTeam "Kalterherberg"]
[BlackTeam "Lendersdorf"]
[WhiteTeamCountry "GER"]
[BlackTeamCountry "GER"]

1. Nf3 d5 2. e3 e6 3. b3 Nf6 4. Bb2 Be7 5. Be2 c5 6. 0-0 Nc6 7. Bb5 0-0 8. Bxc6 bxc6 9. d3 Qb6 10. Nbd2 a5 11. a4 Ba6 12. Rb1 Rfd8 13. c4 Rab8 14. Qc2 Nd7 15. Ne5 Qc7 16. f4 f6 17. Nef3 Bd6 18. d4 Re8 19. Rfe1 cxd4 20. Nxd4 e5 21. fxe5 Nxe5 22. c5 Bf8 23. Qc3 Nd3 24. Red1 Qe5 25. e4 Bxc5 26. N2f3 Qxe4 27. Re1 Nxe1 28. Rxe1 Bxd4+ 29. Qxd4 Qxd4+ 0-1

[Event "Mittelrhein Verbandsliga West 1920"]
[Site "Mittelrhein"]
[Date "2019.09.29"]
[Round "1.4"]
[White "Whitmire, James David"]
[Black "Hinz, Holger"]
[Result "1-0"]
[WhiteElo "2059"]
[BlackElo "1864"]
[PlyCount "63"]
[EventDate "2019.09.29"]
[EventType "team-tourn"]
[EventRounds "9"]
[EventCountry "GER"]
[SourceTitle "EXT 2023"]
[Source "ChessBase"]
[SourceDate "2022.10.05"]
[SourceVersion "1"]
[SourceVersionDate "2022.10.05"]
[SourceQuality "1"]
[WhiteTeam "Aachen PTSV"]
[BlackTeam "Lendersdorf"]
[WhiteTeamCountry "GER"]
[BlackTeamCountry "GER"]

1. d4 Nf6 2. Nf3 d5 3. e3 Bg4 4. h3 Bh5 5. g4 Bg6 6. Ne5 Nfd7 7. Nxg6 hxg6 8. Bg2 c6 9. Nc3 Na6 10. a3 e5 11. e4 exd4 12. Qxd4 Bc5 13. Qxg7 Qh4 14. 0-0 0-0-0 15. exd5 Rh7 16. Bg5 Bxf2+ 17. Rxf2 Qxf2+ 18. Kxf2 Rxg7 19. Bxd8 Kxd8 20. dxc6 bxc6 21. Bxc6 Ne5 22. Bb5 Nc7 23. Rd1+ Ke7 24. Nd5+ Nxd5 25. Rxd5 Ke6 26. Rd8 f5 27. Re8+ Kd5 28. gxf5 Rf7 29. Kg3 gxf5 30. Kf4 Ng6+ 31. Kg5 Ne5 32. Ba4 1-0

[Event "Mittelrhein Verbandsliga-W 18/19"]
[Site "Nordrheinwestfalen"]
[Date "2019.05.19"]
[Round "11.3"]
[White "Wilhelm, Oliver"]
[Black "Hinz, Holger"]
[Result "1/2-1/2"]
[WhiteElo "1903"]
[BlackElo "1872"]
[PlyCount "62"]
[EventDate "2018.09.02"]
[EventType "team-tourn"]
[EventRounds "11"]
[EventCountry "GER"]
[SourceTitle "EXT 2022"]
[Source "ChessBase"]
[SourceDate "2021.10.06"]
[SourceVersion "1"]
[SourceVersionDate "2021.10.06"]
[SourceQuality "1"]
[WhiteTeam "Eschweiler SC"]
[BlackTeam "Lendersdorf"]
[WhiteTeamCountry "GER"]
[BlackTeamCountry "GER"]

1. e4 e6 2. d4 d5 3. exd5 exd5 4. Nf3 Bd6 5. Bd3 Ne7 6. Bg5 f6 7. Bh4 0-0 8. 0-0 Bf5 9. Re1 Bxd3 10. Qxd3 Qd7 11. Nc3 c6 12. Re2 Na6 13. a3 Nc7 14. Rae1 Rfe8 15. Nd1 Nf5 16. Ne3 Nxe3 17. Rxe3 Rxe3 18. Rxe3 Re8 19. Rxe8+ Nxe8 20. Qe3 g5 21. Bg3 Bxg3 22. fxg3 Nd6 23. Nd2 Nf5 24. Qd3 Qe6 25. Kf2 Kg7 26. c3 Nd6 27. Qe3 Qf5+ 28. Ke2 Kf7 29. Qd3 Qxd3+ 30. Kxd3 Ke6 31. g4 Nf7 1/2-1/2

[Event "Mittelrhein Verbandsliga-W 18/19"]
[Site "Nordrheinwestfalen"]
[Date "2019.02.10"]
[Round "7.3"]
[White "Hinz, Holger"]
[Black "Quintana, Till"]
[Result "1/2-1/2"]
[WhiteElo "1872"]
[BlackElo "1788"]
[PlyCount "62"]
[EventDate "2018.09.02"]
[EventType "team-tourn"]
[EventRounds "11"]
[EventCountry "GER"]
[SourceTitle "EXT 2022"]
[Source "ChessBase"]
[SourceDate "2021.10.06"]
[SourceVersion "1"]
[SourceVersionDate "2021.10.06"]
[SourceQuality "1"]
[WhiteTeam "Lendersdorf"]
[BlackTeam "Uebach Palenberg"]
[WhiteTeamCountry "GER"]
[BlackTeamCountry "GER"]

1. c4 e5 2. Nc3 Nc6 3. g3 g6 4. Bg2 Bg7 5. e4 d6 6. h3 f5 7. d3 Nf6 8. Nge2 0-0 9. 0-0 fxe4 10. dxe4 Be6 11. Nd5 Ne7 12. Bg5 Nexd5 13. cxd5 Bd7 14. Nc3 h6 15. Be3 a6 16. Qd2 Kh7 17. f4 exf4 18. Bxf4 Nh5 19. Rae1 Nxf4 20. gxf4 Qh4 21. Qe3 Rae8 22. Kh1 Re7 23. Rf2 Ref7 24. Ref1 Bxc3 25. bxc3 Bb5 26. Rb1 Rxf4 27. Rxf4 Rxf4 28. a4 Bxa4 29. Rxb7 Rf7 30. e5 Qe7 31. e6 Rg7 1/2-1/2

[Event "Mittelrhein Verbandsliga-W 18/19"]
[Site "Nordrheinwestfalen"]
[Date "2019.01.20"]
[Round "6.4"]
[White "Hinz, Holger"]
[Black "Freialdenhoven, Andreas"]
[Result "1/2-1/2"]
[WhiteElo "1871"]
[BlackElo "1826"]
[PlyCount "80"]
[EventDate "2018.09.02"]
[EventType "team-tourn"]
[EventRounds "11"]
[EventCountry "GER"]
[SourceTitle "EXT 2022"]
[Source "ChessBase"]
[SourceDate "2021.10.06"]
[SourceVersion "1"]
[SourceVersionDate "2021.10.06"]
[SourceQuality "1"]
[WhiteTeam "Lendersdorf"]
[BlackTeam "Brand SF"]
[WhiteTeamCountry "GER"]
[BlackTeamCountry "GER"]

1. c4 Nf6 2. Nc3 g6 3. e4 d6 4. g3 c5 5. Bg2 Nc6 6. d3 Bg7 7. Nge2 Bd7 8. h3 Qa5 9. Be3 a6 10. Qd2 b5 11. Nd5 Qxd2+ 12. Kxd2 Nxd5 13. cxd5 Na5 14. Rab1 Rc8 15. f4 e6 16. dxe6 Bxe6 17. b3 0-0 18. g4 Nc6 19. g5 Nb4 20. a3 Nc6 21. Rhf1 f5 22. gxf6 Bxf6 23. f5 Bd7 24. fxg6 hxg6 25. Nf4 Kg7 26. Nd5 Bd4 27. Bg5 Be6 28. Nf4 Bg8 29. h4 Be5 30. Bh3 Rc7 31. Ne6+ Bxe6 32. Bxe6 Rxf1 33. Rxf1 Nd4 34. Bd5 Rd7 35. Rh1 Nf3+ 36. Ke3 Nxg5 37. hxg5 Rc7 38. Rf1 a5 39. a4 b4 40. Rf3 Re7 1/2-1/2

[Event "Mittelrhein Verbandsliga-W 17/18"]
[Site "Nordrheinwestfalen"]
[Date "2018.03.18"]
[Round "9.5"]
[White "Hinz, Holger"]
[Black "Klein, Gernot"]
[Result "1/2-1/2"]
[WhiteElo "1880"]
[BlackElo "1841"]
[PlyCount "119"]
[EventDate "2017.09.10"]
[EventType "team-tourn"]
[EventRounds "11"]
[EventCountry "GER"]
[SourceTitle "EXT 2022"]
[Source "ChessBase"]
[SourceDate "2021.10.06"]
[SourceVersion "1"]
[SourceVersionDate "2021.10.06"]
[SourceQuality "1"]
[WhiteTeam "Lendersdorf"]
[BlackTeam "Aachen PTSV"]
[WhiteTeamCountry "GER"]
[BlackTeamCountry "GER"]

1. c4 e6 2. Nc3 d5 3. d4 c6 4. Bf4 dxc4 5. a4 Bb4 6. e3 Nf6 7. Bxc4 Nd5 8. Bxd5 exd5 9. Qf3 Nd7 10. Nh3 Nf6 11. 0-0 Bxc3 12. bxc3 Ne4 13. Qh5 Bxh3 14. Qxh3 Nxc3 15. Qg4 0-0 16. Ra3 Ne4 17. Rb1 Qe7 18. Rab3 b6 19. Rc1 Rac8 20. Qd1 Nd6 21. Bxd6 Qxd6 22. a5 bxa5 23. Rb7 Rc7 24. Qb3 a4 25. Qb4 Qxb4 26. Rxb4 a3 27. Rb3 a2 28. Ra3 Rb8 29. Rxa2 c5 30. dxc5 Rxc5 31. Rca1 Rcb5 32. Kf1 Rb1+ 33. Rxb1 Rxb1+ 34. Ke2 Rb7 35. Kd3 Kf8 36. Kd4 Rd7 37. h4 Ke7 38. Ra6 Kd8 39. Kc5 Kc8 40. Kc6 f5 41. g3 g6 42. Ra2 Kd8 43. Rb2 Ke7 44. Rb8 a5 45. Rh8 Rd6+ 46. Kc5 h5 47. Rh7+ Ke6 48. Rg7 Rd8 49. Kd4 Kf6 50. Ra7 Rb8 51. Ra6+ Kf7 52. Rxa5 Rb2 53. f4 Rg2 54. Ke5 Rxg3 55. Ra7+ Kg8 56. Kf6 Rxe3 57. Ra8+ Kh7 58. Ra7+ Kh6 59. Ra8 Kh7 60. Ra7+ 1/2-1/2

[Event "Mittelrhein Verbandsliga-W 17/18"]
[Site "Nordrheinwestfalen"]
[Date "2018.02.25"]
[Round "8.4"]
[White "Hinz, Holger"]
[Black "Krings, Thomas"]
[Result "1-0"]
[WhiteElo "1880"]
[BlackElo "2005"]
[PlyCount "75"]
[EventDate "2017.09.10"]
[EventType "team-tourn"]
[EventRounds "11"]
[EventCountry "GER"]
[SourceTitle "EXT 2022"]
[Source "ChessBase"]
[SourceDate "2021.10.06"]
[SourceVersion "1"]
[SourceVersionDate "2021.10.06"]
[SourceQuality "1"]
[WhiteTeam "Lendersdorf"]
[BlackTeam "Horrem"]
[WhiteTeamCountry "GER"]
[BlackTeamCountry "GER"]

1. c4 Nf6 2. Nc3 g6 3. e4 d6 4. g3 Bg7 5. Bg2 0-0 6. Nge2 e5 7. d3 Nc6 8. 0-0 Nd7 9. f4 f5 10. exf5 gxf5 11. Be3 Nf6 12. h3 Be6 13. Qd2 Qd7 14. Rae1 Rae8 15. Nd5 e4 16. Nec3 exd3 17. Qxd3 Ne4 18. Kh2 Nxc3 19. bxc3 b6 20. Bd4 Na5 21. Re2 c6 22. Bxg7 Qxg7 23. Rfe1 Qf7 24. Ne3 Rd8 25. Qd4 c5 26. Qd3 Kh8 27. Nd5 Rfe8 28. Re3 Bd7 29. Nc7 Rxe3 30. Rxe3 Bc8 31. Nd5 Re8 32. Bf1 Rxe3 33. Qxe3 Qe6 34. Qd3 Qe1 35. Ne3 Qf2+ 36. Bg2 Qxa2 37. Qxd6 Bb7 38. Qf8# 1-0

[Event "Mittelrhein Verbandsliga-W 16/17"]
[Site "Nordrheinwestfalen"]
[Date "2017.04.30"]
[Round "11.5"]
[White "Hinz, Holger"]
[Black "Peters, Tobias"]
[Result "0-1"]
[WhiteElo "1880"]
[BlackElo "2065"]
[PlyCount "106"]
[EventDate "2016.09.11"]
[EventType "team-tourn"]
[EventRounds "11"]
[EventCountry "GER"]
[SourceTitle "EXT 2022"]
[Source "ChessBase"]
[SourceDate "2021.10.06"]
[SourceVersion "1"]
[SourceVersionDate "2021.10.06"]
[SourceQuality "1"]
[WhiteTeam "Lendersdorf"]
[BlackTeam "Aachen PTSV"]
[WhiteTeamCountry "GER"]
[BlackTeamCountry "GER"]

1. c4 Nf6 2. Nc3 g6 3. g3 Bg7 4. Bg2 e5 5. e4 Nc6 6. Nge2 0-0 7. 0-0 d6 8. h3 Be6 9. d3 Qd7 10. Kh2 Ne8 11. f4 f5 12. Be3 Nf6 13. Nd5 Ne7 14. Qd2 c6 15. Nxf6+ Bxf6 16. Rac1 d5 17. cxd5 cxd5 18. fxe5 Bxe5 19. d4 Bg7 20. e5 Rac8 21. Nf4 Bf7 22. Nd3 b6 23. b3 Rxc1 24. Rxc1 Rc8 25. Rc3 Rxc3 26. Qxc3 Qc6 27. Bd2 Be6 28. Nf4 Kf7 29. Qxc6 Nxc6 30. Bc3 Ne7 31. Kg1 g5 32. Nd3 h5 33. Kf2 Bh6 34. Ke2 Ng6 35. Nb4 f4 36. Bxd5 fxg3 37. Bxe6+ Kxe6 38. d5+ Kf5 39. e6 Bf8 40. Nc6 Ke4 41. e7 Nxe7 42. Bb4 Nxd5 43. Bxf8 Nf4+ 44. Kf1 h4 45. Bd6 Nxh3 46. Bxg3 hxg3 47. Kg2 Nf4+ 48. Kxg3 a5 49. Ne7 Kd4 50. Kg4 Nd3 51. Nc8 Kc5 52. a3 b5 53. b4+ Nxb4 0-1

[Event "Mittelrhein Verbandsliga-W 16/17"]
[Site "Nordrheinwestfalen"]
[Date "2017.01.08"]
[Round "6.5"]
[White "Kinderreich, Toni"]
[Black "Hinz, Holger"]
[Result "1/2-1/2"]
[WhiteElo "2076"]
[BlackElo "1880"]
[PlyCount "109"]
[EventDate "2016.09.11"]
[EventType "team-tourn"]
[EventRounds "11"]
[EventCountry "GER"]
[SourceTitle "EXT 2022"]
[Source "ChessBase"]
[SourceDate "2021.10.06"]
[SourceVersion "1"]
[SourceVersionDate "2021.10.06"]
[SourceQuality "1"]
[WhiteTeam "Wuerselen II"]
[BlackTeam "Lendersdorf"]
[WhiteTeamCountry "GER"]
[BlackTeamCountry "GER"]

1. d4 d5 2. Nf3 e6 3. Bf4 Nf6 4. e3 Be7 5. Nbd2 b6 6. Bd3 Bb7 7. Ne5 0-0 8. Qf3 Nbd7 9. c3 c5 10. g4 cxd4 11. exd4 Rc8 12. Nxd7 Qxd7 13. Be5 Ne8 14. Rg1 f6 15. Qh3 g6 16. Bf4 Bd6 17. Bxd6 Nxd6 18. g5 f5 19. Nf3 Nf7 20. Qg3 Qc7 21. Qxc7 Rxc7 22. Kd2 Bc6 23. h4 Kg7 24. Rae1 Bd7 25. Re2 b5 26. Ne1 a5 27. a3 Rb8 28. Ng2 b4 29. axb4 axb4 30. Rc1 bxc3+ 31. bxc3 Rb2+ 32. Rc2 Rxc2+ 33. Kxc2 Nd8 34. Nf4 Kf7 35. Kd2 Rb7 36. Bc2 Ra7 37. Bb3 Nc6 38. Re1 Ra3 39. Rb1 Na5 40. Bc2 Ra2 41. Kc1 Nc4 42. Nd3 Na3 43. Nb4 Nxb1 44. Nxa2 Na3 45. Bd3 Bb5 46. Kb2 Bxd3 47. Kxa3 f4 48. Nb4 Bb5 49. Nc2 Bd3 50. Ne1 Be4 51. Kb4 e5 52. f3 Bf5 53. c4 Ke6 54. cxd5+ Kxd5 55. dxe5 1/2-1/2

[Event "Mittelrhein Verbandsliga-W 15/16"]
[Site "Nordrheinwestfalen"]
[Date "2016.04.10"]
[Round "10.4"]
[White "Hinz, Holger"]
[Black "Jazmati, Abdul"]
[Result "1/2-1/2"]
[WhiteElo "1914"]
[BlackElo "1661"]
[PlyCount "70"]
[EventDate "2015.09.06"]
[EventType "team-tourn"]
[EventRounds "11"]
[EventCountry "GER"]
[SourceTitle "EXT 2022"]
[Source "ChessBase"]
[SourceDate "2021.10.06"]
[SourceVersion "1"]
[SourceVersionDate "2021.10.06"]
[SourceQuality "1"]
[WhiteTeam "Lendersdorf"]
[BlackTeam "Eilendorf Arminia"]
[WhiteTeamCountry "GER"]
[BlackTeamCountry "GER"]

1. c4 e5 2. Nc3 a6 3. g3 Nc6 4. Bg2 Nf6 5. d3 d6 6. e4 Nd4 7. h3 Be7 8. Nge2 Nxe2 9. Qxe2 c6 10. 0-0 b5 11. f4 0-0 12. Be3 Bd7 13. f5 Be8 14. d4 b4 15. Nd1 Nd7 16. Nf2 Bg5 17. Rad1 Bxe3 18. Qxe3 Qc7 19. Ng4 f6 20. Qd2 Qb6 21. Kh2 Bh5 22. dxe5 Bxg4 23. hxg4 Nxe5 24. Qe2 Rad8 25. Rd2 Qc5 26. b3 a5 27. Rfd1 Rd7 28. Kh3 Rfd8 29. Rd4 Nf7 30. Qd2 Ng5+ 31. Kh2 Nf7 32. Qf4 Ra7 33. R4d2 h6 34. Qf2 Qxf2 35. Rxf2 Kf8 1/2-1/2

[Event "Mittelrhein Verbandsliga-W 15/16"]
[Site "Nordrheinwestfalen"]
[Date "2016.03.13"]
[Round "9.5"]
[White "Hinz, Holger"]
[Black "Vogel, Heike"]
[Result "1/2-1/2"]
[WhiteElo "1914"]
[BlackElo "2019"]
[PlyCount "35"]
[EventDate "2015.09.06"]
[EventType "team-tourn"]
[EventRounds "11"]
[EventCountry "GER"]
[SourceTitle "EXT 2022"]
[Source "ChessBase"]
[SourceDate "2021.10.06"]
[SourceVersion "1"]
[SourceVersionDate "2021.10.06"]
[SourceQuality "1"]
[WhiteTeam "Lendersdorf"]
[BlackTeam "Kerpen SK"]
[WhiteTeamCountry "GER"]
[BlackTeamCountry "GER"]

1. c4 e5 2. Nc3 f5 3. g3 Nf6 4. Bg2 g6 5. d3 Bg7 6. e4 0-0 7. Nge2 f4 8. gxf4 Nh5 9. fxe5 Qh4 10. 0-0 Bxe5 11. f4 Nxf4 12. Bxf4 Bxf4 13. Nxf4 Rxf4 14. Nd5 Rxf1+ 15. Qxf1 Na6 16. Nf6+ Kh8 17. Qf2 Qxf2+ 18. Kxf2 1/2-1/2

[Event "Mittelrhein Verbandsliga-W 15/16"]
[Site "Nordrheinwestfalen"]
[Date "2016.01.10"]
[Round "6.3"]
[White "Buechel, Juergen"]
[Black "Hinz, Holger"]
[Result "1/2-1/2"]
[WhiteElo "1865"]
[BlackElo "1914"]
[PlyCount "49"]
[EventDate "2015.09.06"]
[EventType "team-tourn"]
[EventRounds "11"]
[EventCountry "GER"]
[SourceTitle "EXT 2022"]
[Source "ChessBase"]
[SourceDate "2021.10.06"]
[SourceVersion "1"]
[SourceVersionDate "2021.10.06"]
[SourceQuality "1"]
[WhiteTeam "Dueren Derichsweiler"]
[BlackTeam "Lendersdorf"]
[WhiteTeamCountry "GER"]
[BlackTeamCountry "GER"]

1. e4 e6 2. d3 d5 3. Nd2 c5 4. Ngf3 Nc6 5. g3 g6 6. Bg2 Bg7 7. 0-0 Nge7 8. Re1 0-0 9. Qe2 a5 10. a4 Bd7 11. c3 d4 12. cxd4 Nxd4 13. Nxd4 cxd4 14. Nc4 Nc6 15. b3 Nb4 16. Ba3 b5 17. axb5 Bxb5 18. Bxb4 axb4 19. e5 Rxa1 20. Rxa1 Qc7 21. Nd6 Qc3 22. Rd1 Bc6 23. Bxc6 Qxc6 24. Nc4 Rd8 25. Ra1 1/2-1/2

[Event "Mittelrhein Verbandsliga-W 15/16"]
[Site "Nordrheinwestfalen"]
[Date "2015.10.18"]
[Round "3.5"]
[White "Kirchner, Gerd"]
[Black "Hinz, Holger"]
[Result "1/2-1/2"]
[WhiteElo "1944"]
[BlackElo "1914"]
[PlyCount "75"]
[EventDate "2015.09.06"]
[EventType "team-tourn"]
[EventRounds "11"]
[EventCountry "GER"]
[SourceTitle "EXT 2022"]
[Source "ChessBase"]
[SourceDate "2021.10.06"]
[SourceVersion "1"]
[SourceVersionDate "2021.10.06"]
[SourceQuality "1"]
[WhiteTeam "Horrem"]
[BlackTeam "Lendersdorf"]
[WhiteTeamCountry "GER"]
[BlackTeamCountry "GER"]

1. d4 d5 2. c4 e6 3. Nc3 Nf6 4. Bg5 Be7 5. e3 b6 6. cxd5 exd5 7. Qc2 Bb7 8. Bd3 Nbd7 9. Nge2 0-0 10. 0-0 Rc8 11. Nb5 a6 12. Na7 Ra8 13. Nc6 Bxc6 14. Qxc6 Ra7 15. Bxf6 Nxf6 16. Rac1 Qd6 17. a3 Rd8 18. Nf4 Kf8 19. Be2 Qxc6 20. Rxc6 Rd6 21. Rfc1 Rxc6 22. Rxc6 Ke8 23. Nd3 Bd6 24. g4 Kd7 25. Rc2 h6 26. Nb4 Bxb4 27. axb4 c6 28. f3 Kd6 29. h4 a5 30. bxa5 Rxa5 31. Kf2 c5 32. dxc5+ bxc5 33. g5 hxg5 34. hxg5 Nd7 35. Rd2 f6 36. e4 d4 37. b4 Ra4 38. bxc5+ 1/2-1/2

[Event "Mittelrhein-ch"]
[Site "Germany"]
[Date "2013.05.31"]
[Round "3"]
[White "Hinz, Holger"]
[Black "Keller, Karsten"]
[Result "0-1"]
[WhiteElo "1906"]
[BlackElo "2131"]
[PlyCount "32"]
[EventDate "2013.05.29"]
[EventType "swiss"]
[EventRounds "5"]
[EventCountry "GER"]
[SourceTitle "EXT 2015"]
[Source "ChessBase"]
[SourceDate "2014.11.20"]
[SourceVersion "1"]
[SourceVersionDate "2014.11.20"]
[SourceQuality "1"]

1. c4 Nf6 2. Nc3 e5 3. e4 Bc5 4. g3 d6 5. h3 Nc6 6. Bg2 0-0 7. Nge2 Nd4 8. d3 Ne8 9. 0-0 f5 10. Kh2 Nxe2 11. Qxe2 f4 12. gxf4 exf4 13. Nd5 Qh4 14. Bxf4 Rxf4 15. Nxf4 Qxf4+ 16. Kh1 Bd4 0-1